[Event "Corus"]
[Site "Wijk aan Zee"]
[Date "2004.01.23"]
[Round "11"]
[White "Anand, Viswanathan"]
[Black "Timman, Jan H"]
[Result "1-0"]
[WhiteElo "2766"]
[BlackElo "2578"]
[Annotator "Gofshtein,L"]
[PlyCount "57"]
[EventDate "2004.01.10"]
[EventType "tourn"]
[EventRounds "13"]
[EventCountry "NED"]
[EventCategory "19"]
[SourceTitle "CBM 099"]
[Source "ChessBase"]
[SourceDate "2004.03.30"]
[SourceVersion "1"]
[SourceVersionDate "2004.03.30"]
[SourceQuality "1"]

1. e4 {[%mdl 132]} c5 2. Nf3 d6 3. d4 cxd4 4. Nxd4 Nf6 5. Nc3 Nc6 6. Bg5 e6 7.
Qd2 a6 8. O-O-O Bd7 9. f3 {Recently this move became more popular than 9.f4}
Be7 10. Be3 {White moves the bishop in advance, so he could launch an attack
on the king side later} Rc8 {Black tries to create counterplay on the queen
side. Other possibilities are also possible. Firstly 10...0-0 preparing for
the advance of the white pawns on the king side, in this case after g2-g4
black exchanges on d4 11...Nd4 12.Bd4 and frees the d7 square for the knight
by 12...Bc6, secondly 10...h5 deserves attention restricting white's advance
on the king side, for example:} (10... O-O $5 11. g4 Nxd4 12. Bxd4 Bc6 13. h4 (
13. g5 Nh5 $6 14. Be3 Qc7 15. Bh3 $36 {[%cal Rh3g4] 1-0 Tarjan,J-Mednis,E/Riga
1979/IZT (38)}) 13... Nd7 (13... b5 14. h5 b4 15. Ne2 d5 16. e5 Nd7 17. Kb1 a5
18. f4 Nb6 $132 {1/2-1/2 Ochoa de Echaguen,F-Eslon,J/Linares 1978/MCD (73)})
14. g5 b5 15. Bd3 Qa5 16. Kb1 b4 17. Ne2 Rfb8 18. b3 Qc7 19. h5 e5 20. Bb2 Bb5
21. g6 $40 {[#]. 1-0 Dutreeuw,M-Mohandesi,S/Brussels 1995/EXT 97 (37)}) (10...
b5 11. g4 O-O 12. g5 Ne8 13. h4 Nc7 14. Rg1 b4 15. Nxc6 Bxc6 16. Ne2 d5 17. Nd4
Bb7 18. e5 $16 {1-0 Shamkovich,L-Peters,J/Mentor 1977/MCL (28)}) (10... h5 $5
11. Kb1 (11. f4 b5 12. Bd3 Qb8 13. Nf3 Bd8 $132 {1/2-1/2 De la Villa Garcia,
J-Garcia Ilundain,D/Zaragoza 1995/EXT 97 (23)}) 11... Qc7 12. Qf2 b5 13. Nxc6
Bxc6 14. Bd4 b4 15. Ne2 e5 16. Bb6 Qb7 $132 {0-1 Sahu,S-Mednis,E/New York 1984/
MCD (36)}) 11. g4 Na5 {[%csl Gc4][%cal Ra5c4,Yc8c4] Black is ready in case of
12.g5 to go to h5, blocking white's pawns on the king side} 12. Kb1 b5 13. Bd3
{White plays solidly, not forcing matters, counting on his space advantage} Nc4
14. Bxc4 Rxc4 15. Nce2 {[%cal Re2f4,Re2g3] White transfers his knight to the
king side} O-O 16. g5 Ne8 {of course not 16...Nh5 because of the simple 17.Ng3
opening lines on the king side} 17. h4 Qc8 {[%cal Re6e5] With the idea to
throw the white knight by 18...e5} 18. b3 {Driving the rook off the active
square on c4} Rc7 19. Nf4 $5 {This way white defends against e5, in this case
Nd5 would be very unpleasent} Rc3 {Black tries to activize his pieces} 20. Rdg1
b4 {It's hard to give black a good advice here. White's attack is
significantly faster} (20... Bd8 21. Nde2 Rc6 22. h5 $40) 21. h5 Nc7 22. g6 Bf6
{It's not clear how black can defend against white's attack} (22... e5 23. h6
$5 fxg6 (23... hxg6 24. Qh2 $18) 24. hxg7 Rxf4 25. Bxf4 exf4 26. Qh2 $40) (
22... fxg6 23. hxg6 h6 24. Nh5 $18 {[%cal Re3h6,Rh5g7]}) (22... h6 23. Nd3 $40)
23. h6 $5 {A typical attacking move, breaking the pawn structure near the
black king} fxg6 24. hxg7 Rf7 (24... Bxg7 25. Qh2 $18) 25. Rxh7 $1 {A final
strike totally demoralizing black's defence} Kxh7 (25... Rxg7 26. Rxg7+ Bxg7
27. Nxg6 $18) 26. Qh2+ Kxg7 27. Nxg6 $18 Rxe3 28. Ne7+ Kf8 29. Nxc8 {[%cal
Rh2d6] Black resigned as further material losses are inevitable} 1-0

[Event "Olympiad-34"]
[Site "Istanbul"]
[Date "2000.10.29"]
[Round "2.4"]
[White "Sax, Gyula"]
[Black "Htun, Lynn Kyaw"]
[Result "1-0"]
[WhiteElo "2563"]
[BlackElo "2427"]
[Annotator "Gofshtein,L"]
[PlyCount "64"]
[EventDate "2000.10.28"]
[EventType "team-swiss"]
[EventRounds "14"]
[EventCountry "TUR"]
[SourceTitle "EXT 2001"]
[Source "ChessBase"]
[SourceDate "2000.11.22"]
[SourceVersion "1"]
[SourceVersionDate "2000.11.22"]
[SourceQuality "1"]
[WhiteTeam "Hungary"]
[BlackTeam "Myanmar"]
[WhiteTeamCountry "HUN"]
[BlackTeamCountry "MYA"]

1. e4 {[%mdl 8896]} c5 2. Nf3 d6 3. d4 cxd4 4. Nxd4 Nf6 5. Nc3 Nc6 6. Bg5 e6 7.
Qd2 a6 8. O-O-O Bd7 9. f3 Be7 10. h4 Rc8 11. Nxc6 (11. g4 Nxd4 (11... b5 12.
Kb1 Na5 13. Bd3 Nc4 14. Bxc4 Rxc4 15. Be3 Bc8 16. h5 Bb7 17. g5 Nd7 18. g6 hxg6
19. hxg6 $40 {1-0 Gipslis,A-Renter,R/Vilnius 1955/EXT 99 (35)}) 12. Qxd4 Qa5
13. Kb1 h6 14. Bd2 Qc7 15. Qg1 g6 16. g5 hxg5 17. hxg5 Rxh1 18. Qxh1 {1-0
Tringov,G-Bertok,M/Vinkovci 1976/EXT 99 (42)}) 11... Rxc6 (11... Bxc6 12. Ne2 (
12. Kb1 b5 $5 (12... h6 13. Be3 d5 14. e5 Nd7 15. f4 $5 (15. Qe1 Bb4 16. Bd4
O-O 17. g4 $40 {1-0 Hunt,H-Madl,I/Batumi 1999/CBM 73 ext (26)}) 15... Bxh4 16.
Bd4 Be7 17. Qf2 b5 18. f5 $40 {1-0 Nunn,J-Vydeslaver,A/Leeuwarden 1995/EXT 97 
(30)}) 13. Bd3 O-O 14. Ne2 {[%cal Re2d4,Re2g3]} (14. g4 $5) 14... Nd7 15. Nd4
Bb7 16. Rhe1 Ne5 17. Bf1 h6 18. Bxe7 Qxe7 19. Qf2 Rfd8 20. f4 Nc6 21. Nxc6 Bxc6
22. g4 e5 $132 {1-0 Luther,T-Arnold,J/Germany 2000/CBM 75 ext (41)}) 12... h6
13. Be3 d5 14. e5 Nd7 15. f4 Bb5 16. g3 Bc5 17. Nd4 Bxf1 18. Rhxf1 Bxd4 19.
Bxd4 Nc5 20. h5 Ne4 21. Qg2 Rc6 22. Kb1 O-O 23. g4 Qe7 24. f5 $40 {1-0 Bologan,
V-Akhmadeev,V/Azov 1996/CBM 56 ext (34)}) 12. g4 $5 {The typical pawns attack
on the king side} (12. Kb1 Qa5 13. Bd3 Ng8 14. g4 h5 15. gxh5 Rxh5 16. Rhg1 Kf8
17. Qg2 Bxg5 18. hxg5 Qe5 19. f4 Qxf4 20. Rdf1 Qe3 21. e5 $40 {1-0 Luther,
T-Madl,I/Portoroz 1998/EXT 99 (35)}) 12... Qa5 13. Kb1 b5 14. Bd3 b4 15. Ne2 e5
{[%csl Yd4,Yf4][%cal Re5d4,Ye5f4] Black tries to begin counterplay by Be6,and
tries to blocade pawn attack of white} 16. Ng3 {[%cal Yg3f5,Yg3h5] white
brings knight to the kingside.} Be6 {[%csl Ra2][%cal Ye6a2,Ya5a2,Rd6d5]} 17. b3
Qb6 (17... O-O 18. Nh5 Nxh5 19. Bxe7 Re8 20. Bg5 Nf4 21. Bxf4 exf4 22. Qxf4 $16
) (17... d5 18. Bxf6 Bxf6 19. Nh5 $40) 18. Be3 (18. Bxf6 $5 Bxf6 19. Nh5 O-O
20. Nxf6+ gxf6 21. g5 $36) 18... Qb7 19. g5 Nd7 20. Nf5 Bf8 (20... Bxf5 21.
exf5 d5 22. h5) 21. f4 g6 22. Nd4 $5 {This unexpected move gives for white
serious unitiative.} (22. Ng3 exf4 23. Bxf4 Bg7 $132) 22... exd4 23. Bxd4 Ne5 {
Black returnes back extra piece and tries to brake attack of white.} (23... Rg8
24. f5 gxf5 25. exf5 Bd5 26. Rhe1+ $36 (26. g6)) 24. fxe5 Bg7 25. Qh2 (25. Be2)
25... Qb8 26. h5 dxe5 $2 {Decisive mistake,but also after 26...Be5 black has
serious problems.} (26... Bxe5 $8 27. Bxe5 dxe5 28. hxg6 fxg6 29. Rhf1) 27. h6
$1 Bf8 28. Bxe5 Bd6 29. Bxd6 Rxd6 30. Qe5 $5 $18 (30. Bb5+ Ke7 31. Rxd6 Qxd6
32. Qf2 Rc8 33. Qf6+ Kf8 34. Bd3 $40) 30... Ke7 (30... Rg8 31. Bb5+ Ke7 32.
Qf6+ Kf8 33. e5 Rxd1+ 34. Rxd1 $18) 31. Qf6+ Kd7 32. e5 Rd5 1-0

[Event "Corus-B"]
[Site "Wijk aan Zee"]
[Date "2003.01.11"]
[Round "1"]
[White "Nijboer, Friso"]
[Black "Acs, Peter"]
[Result "1-0"]
[WhiteElo "2553"]
[BlackElo "2623"]
[Annotator "Gofshtein,L"]
[PlyCount "95"]
[EventDate "2003.01.14"]
[EventType "tourn"]
[EventRounds "13"]
[EventCountry "NED"]
[EventCategory "13"]
[SourceTitle "CBM 093"]
[Source "ChessBase"]
[SourceDate "2003.04.01"]
[SourceVersion "1"]
[SourceVersionDate "2003.04.01"]
[SourceQuality "1"]

1. e4 c5 2. Nf3 d6 3. d4 cxd4 4. Nxd4 Nf6 5. Nc3 Nc6 6. Bg5 e6 7. Qd2 a6 8.
O-O-O Bd7 9. f4 b5 10. Bxf6 gxf6 11. Kb1 {11.Nc6 leads to the same by
different order of moves;} (11. Nxc6 Bxc6 12. Qe1 Be7 13. Bd3 Qb6 14. Kb1 b4
15. Ne2 a5 16. f5 e5 17. Ng3 Qc5 18. Qe2 a4 19. Bc4 O-O 20. Nh5 Kh8 $14 {
Ernst,T-Popovic,P/Subotica izt/1987/}) 11... Qb6 12. Nxc6 Bxc6 13. Qe1 {
13.Bd3 is also possible, but it leads to semilar positions;} (13. Bd3 b4 14.
Ne2 h5 15. Rhf1 a5 16. f5 e5 17. Ng1 Qc5 18. Qe2 a4 $40 {Short,N-Kozul,Z/
Belgrade/1989/}) 13... Be7 (13... b4 $2 14. Nd5 $1) 14. f5 Qc5 15. Bd3 {
15.fxe6 deserves serious attention;} (15. fxe6 $5 fxe6 16. Bd3 Kf7 17. Rf1 Rag8
18. Rd2 b4 19. Nd1 a5 20. Rdf2 {1/2-1/2 Hracek,Z-Popovic,P/Brno 1992/CBM 31 
(20)}) 15... b4 {Other continuations of black dont get rid of troubles as well;
} (15... Qe5 16. Qf2 Rg8 17. Rhe1 b4 18. Ne2 a5 19. Nf4 a4 20. Bc4 $36 {
1-0 Nijboer,F-Alekseev,E/Hoogeveen 2002 (40)}) (15... a5 16. Ne2 e5 17. Nc1 $5
(17. Qg3 Kf8 18. Qh4 h6 19. Rhf1 a4 20. c3 a3 $132 {1-0 Charbonneau,P-Krush,I/
Montreal 2001/CBM 85 (39)}) 17... h5 18. Rf1 Rg8 19. g3 b4 20. Nb3 Qa7 21. Bc4
a4 22. Nc1 Rc8 23. Bd5 Bb5 24. Rf3 $16 {1-0 Kutuzovic,B-Kozul,Z/Pula 1997/EXT
2000 (55)}) (15... Kd7 16. Rf1 Rag8 17. Rf2 Rg5 18. Ne2 e5 19. Nc1 Bd8 20. Nb3
Qa7 21. c4 $16 {1-0 Videki,S-Mann,G/Hungary 1997/EXT 2000 (28)}) 16. Ne2 a5 {
Another way is 16...e5 stabilizing situation in the centre but in case of 16...
e5 black doesn't have e5 spot for the queen anymore;} (16... e5 $5 17. Nc1 $5 (
17. Ng3 a5 18. Qe2 O-O 19. Nh5) 17... a5 18. Qe2 a4 $132 (18... Rc8 19. Nb3 Qb6
20. Bc4 a4 21. Nc1 Qc5 22. Bd5 Bb5 23. Nd3 Qd4 24. Rd2 a3 25. Qf2) 19. Bc4 Rc8
20. Bd5 (20. b3 O-O $132) 20... Bb5 {. 1-0 Wolff,P-Fedorowicz,J/Los Angeles
1991/CBM}) 17. fxe6 fxe6 {[%csl Ye6]} 18. Nf4 {[%cal Yf4e6] White got his N to
active position immediatly attacking black weaknesses;} Qe5 (18... Bd7 $5 19.
Qe2 Rc8 20. b3 Qe5 21. Rhf1 a4 22. Bc4 Rg8 $132) 19. Rf1 a4 20. Bc4 Bxe4 (20...
Bd7 21. Nd3 Qd4 22. Qxb4 d5 23. Qb7 Ra5 24. Ba6 $16) 21. Nxe6 Rc8 $6 {Break
point in this game! Black would've gotten good play by 21..a3;} (21... a3 $5
22. Nd4 (22. Rd4 Bxg2 23. Qxe5 dxe5 24. Nc7+ Kf8 $132) 22... d5 23. Bd3 b3 24.
axb3 Bc5 $132) 22. Qxe4 $1 {[%mdl 64] This unexpected queen sacrifice leads to
large advantage of white, while 22.Bb5 was even stronger!} (22. Bb5+ $1 Qxb5
23. Qxe4 Qe5 24. Qg4 a3 25. Nd4 $40) 22... Qxe4 23. Bb5+ Qc6 {Black returns
the queen and the arising ending is very unpleasant for black; In case of 23...
Rc6, white's attack is very dangerous;} (23... Rc6 24. Nd4 Kf8 25. Bxc6 d5 26.
Rfe1 $36) 24. Bxc6+ Rxc6 25. Nf4 Kf7 26. Nd5 {[%cal Yd5e7,Yd5f6,Yd5b4] White
has large advantage in this ending because of weakness of black pawns and
domination of white N over black B!} Rg8 {[%cal Rg8g2] just trying to activate
black rook;} 27. g3 Rg4 {[%cal Rg4b4]} 28. b3 {blocking b4 weakness;} axb3 29.
cxb3 Bd8 30. Rf4 $5 Rxf4 31. Nxf4 $16 {Four pawn islands (!!) of black make
black's position defendless;} Bb6 32. Nd5 Bc5 33. Rf1 Ke6 34. Nxf6 d5 $2 {
Decisive mistake; Black could suffer for a while after 34...Rc7;} (34... Rc7 $5
) 35. Nxh7 Be7 36. g4 d4 37. g5 $18 d3 38. g6 d2 39. g7 Rc1+ 40. Rxc1 dxc1=Q+
41. Kxc1 Kf7 42. Nf8 Kxg7 43. Nd7 {White is going to improve king's and
knigth's positions, and white's win become obvious then- 2pawns up is more
than too much here;} Kf7 44. Kc2 Ke6 45. Nb6 Bc5 46. Na4 Bf2 47. Kd3 Kd5 48.
Nb2 1-0

[Event "Moscow Aeroflot op-A"]
[Site "Moscow"]
[Date "2004.02.21"]
[Round "5"]
[White "Lastin, Alexander"]
[Black "Spraggett, Kevin"]
[Result "1-0"]
[WhiteElo "2625"]
[BlackElo "2536"]
[Annotator "Gofshtein,L"]
[PlyCount "72"]
[EventDate "2004.02.17"]
[EventType "swiss"]
[EventRounds "9"]
[EventCountry "RUS"]
[SourceTitle "CBM 100"]
[Source "ChessBase"]
[SourceDate "2004.06.01"]
[SourceVersion "1"]
[SourceVersionDate "2004.06.01"]
[SourceQuality "1"]

1. e4 {[%mdl 4]} c5 2. Nf3 d6 3. d4 cxd4 4. Nxd4 Nf6 5. Nc3 Nc6 6. Bg5 e6 7.
Qd2 a6 8. O-O-O Bd7 9. f4 b5 10. Bxf6 gxf6 11. Kb1 Qb6 12. Nxc6 Bxc6 13. f5 b4
(13... Qc5 14. Bd3 Rg8 15. Rhe1 O-O-O 16. g3 $14 {1-0 Byrne,R-Zaltsman,V/New
York 1983/MCD (44)}) 14. Ne2 {[%cal Re2d4,Re2g3,Re2f4]} e5 {Taking the pawn on
e4 looks dangerous. In this case white gets a strong initiative for the
sacrificed pawn} (14... Bxe4 15. fxe6 fxe6 16. Nf4 {[%cal Rf4e6]} d5 17. Bd3
O-O-O (17... Qc6 18. Bxe4 dxe4 19. Qe2 Bg7 20. Qg4 $40 {1-0 Byrne,R-Schneider,
L/Reykjavik 1982/MCD (29)}) 18. Bxe4 dxe4 19. Qe2 Rxd1+ 20. Rxd1 $44 {1/2-1/2
Sadvakasov,D-Yermolinsky,A/Stratton Mountain 2000/EXT 2001 (42)}) 15. Ng3 $5 {
[%cal Rg3h5,Rf1c4] White not only brings the knight to the kingside but also
wishes to put his bishop on c4 covering the important a2-g8 diagonal} h5 {
Taking from the white knight the h5 square} 16. h4 $5 {[%csl Rh5] Blocking the
further advance of the h-pawn and also fixating the pawn on h5, since it may
become a future target} Qc5 {[%csl Rc4] Covering the important c4 square} (
16... Rd8 17. Bc4 a5 18. Qe2 Qc5 19. b3 Ke7 20. Nxh5 $16 {1-0 Tiviakov,
S-Galliamova,A/Elista 1998/CBM 65 (26)}) 17. Qe2 $5 $146 {[%mdl 8] White
immideatly attacks the h5 pawn and gets a material edge} (17. Bd3 a5 18. Qe2 a4
19. Nxh5 Ke7 20. g4 a3 21. Bc4 axb2 22. Rh3 Ra3 23. Rb3 {1-0 Dabo Peranic,
R-Kutuzovic,B/Bizovac 2000/EXT 2001 (36)}) 17... a5 18. Nxh5 Be7 19. g4 a4 {
Black tries to counter attack on the queenside but white easily reflects
black's threats} 20. Rh3 {[%cal Rh3a3] The rook enters the game via the third
rank. Now in case of ...a3 the simple reply b3 is possible} a3 21. b3 Rc8 22.
Qg2 {[%cal Rf1c4] Freeing way for the bishop to c4} Qb6 23. Bc4 Bb7 $18 {
White is totally dominating. Black doesn't have any counterplay} 24. Qe2 {
Protecting the knight on h5 in case of a future g4-g5 advance} Rg8 25. g5 $1 {
A final breakthrough} fxg5 26. f6 Bf8 27. Rg3 Rxc4 {Trying to complicate
matters} 28. bxc4 Qc6 29. hxg5 Ba6 30. Qd2 {[%csl Rb4][%cal Rd2b4,Rg3b3]
Attacking the pawn b4} Bxc4 31. Qxb4 Qxe4 (31... d5 32. Qb8+ Kd7 33. exd5 Bxa2+
34. Kc1 Qc7 35. Qb5+ Kd8 36. d6 $18) 32. Rb3 {White takes advantage of the pin
and transfers the rook to a better position} Qc6 33. Rxa3 d5 34. Ng7+ Kd7 (
34... Rxg7 35. Qb8+ Kd7 36. Qxf8 $18) 35. Ra7+ Kc8 36. Qa5 Bc5 {Black resigned
without waiting for 37.Ra8 which leads to a great material loss for black} 1-0

[Event "Corus-C"]
[Site "Wijk aan Zee"]
[Date "2004.01.11"]
[Round "2"]
[White "Lagno, Kateryna"]
[Black "Werle, Jan"]
[Result "0-1"]
[WhiteElo "2493"]
[BlackElo "2407"]
[Annotator "Gofshtein,L"]
[PlyCount "113"]
[EventDate "2004.01.10"]
[EventType "tourn"]
[EventRounds "13"]
[EventCountry "NED"]
[EventCategory "9"]
[SourceTitle "CBM 099"]
[Source "ChessBase"]
[SourceDate "2004.03.30"]
[SourceVersion "1"]
[SourceVersionDate "2004.03.30"]
[SourceQuality "1"]

1. e4 {[%mdl 4]} c5 2. Nf3 d6 3. d4 cxd4 4. Nxd4 Nf6 5. Nc3 Nc6 6. Bg5 e6 7.
Qd2 a6 8. O-O-O Bd7 9. f3 Be7 10. h4 h6 11. Be3 b5 12. g4 Nxd4 13. Bxd4 b4 14.
Ne2 e5 15. Be3 Qa5 16. Kb1 Be6 17. Nc1 d5 18. Bh3 {'!?'} (18. Nb3 Qc7 19. exd5
Nxd5 $132) 18... dxe4 {In the previous round in his game against Gagunashvilli
Werle played 18...d4 and got a worse position. Now he tries to recieve more
from the position and opens the game.} (18... d4 19. Bf2 g5 (19... Nd7 $5) 20.
Bf1 $13 {1-0 Gagunashvili,M-Werle,J/Wijk aan Zee 2004/CBM 99_01 (44)}) 19. g5
Rd8 20. Qf2 Rxd1 21. Rxd1 Bxh3 22. gxf6 Bxf6 23. fxe4 {Seria of a forced moves
led to an unclear position where black has a material advantage (an extra pawn)
, from the other hand the position of his king is not secured.} Qc7 $5 $146 {
[%mdl 8] A novelty. In the game previously played black got under an attack
after:} (23... Be6 24. Bc5 Be7 25. Bxe7 Kxe7 26. Qa7+ Kf6 27. h5 $40 {1/2-1/2
Van der Poel,H-Van Doeland,J/Enschede 1995/EXT 97 (59)}) 24. Bc5 {[%cal Rc5f8,
Rc5b4]} Bg4 $1 {An important intermideate move which was probably found in the
home preparation. Black's defence is based on this move, the immideate 24...
Be7 is bad in view of 24.Be7 Ke7 26.Qg3} 25. Bd6 (25. Rd3 Be7 26. Bxe7 Qxe7 27.
Qb6 O-O $36) 25... Qc6 26. Rd3 Be7 27. Bxe7 Kxe7 28. Rd5 $5 (28. Qa7+ Bd7 29.
Rd5 Rc8 {[%cal Rc6c2,Rc8c2]}) 28... Be6 {28...f6 deserved attention not
givving away the e5 pawn} (28... f6 $5 29. Nd3 {[%cal Rd3b4]} Rc8 30. Nxb4 Qc4
31. Qg2 Qe2 (31... h5 32. Nd3 Kf8) 32. Qxe2 Bxe2 $132) 29. Rxe5 Rd8 {[%cal
Rd8d1] Bringing the rook to a much more active position} 30. Nd3 Qc4 $6 {
30...Kf8 was probably stronger taking the king away of the dangerous area in
advance.} (30... Kf8 $5) 31. b3 Qd4 32. Qe1 Qc3 33. Qg3 {White rejects the
endgame as it is obvious that black's chance are much higher there.} Kf8 34.
Ra5 Rc8 35. Qf2 Qc6 36. Rc5 {Black has made a several inaccuracies and white
is already better.} Qd6 37. e5 Qe7 38. Qd4 $6 (38. Rxc8+ $5 Bxc8 39. Qb6 $16 {
[%csl Rb4][%cal Rd3b4]}) 38... Rxc5 39. Nxc5 {[%mdl 4096]} a5 40. Nb7 (40. a3
$5 bxa3 41. Ka2 $14) 40... Qc7 41. Nd6 Qc6 $132 {The position has leveled. It
is hard to prefer any side} 42. Kb2 Qd5 $5 {Black hopes for the endgame as the
bishop is better than the knight in play on both flanks} 43. Qxd5 $2 {Probably
a decisive mistake. The endgame is very dangerous for white because black has
the opportunity to create a dangerous passed pawn} (43. Qe3 $5 f6 44. Nc4 $11)
43... Bxd5 44. c4 (44. c3 Ke7 {[%csl Ye5][%cal Ye7e6]}) 44... Bc6 45. Kc2 h5 $1
46. Kd3 g5 $1 47. Ke3 (47. hxg5 h4 48. Nf5 h3 49. Ng3 h2 50. Kd4 Ke7 (50...
h1=Q 51. Nxh1 Bxh1) 51. Kc5 Bg2 52. Kb5 Ke6 $19) 47... gxh4 48. Kf4 h3 49. Kg3
Bg2 {[%csl Ye5][%cal Rf8e7,Re7e6] After a seria of only moves has arised the
endgame in which the black king is the master of the position as the white
king has to guard black's pawns} 50. Nf5 Be4 51. Nd4 Bg2 52. Nf5 Ke8 {[%cal
Re8d7,Rd7e6]} 53. c5 Kd7 54. Ne3 {54.Nd4 was more stubborn. Anyway, as the
analysis shows the win is not far away} (54. Nd4 Ke7 55. Kh2 h4 56. Kg1 f6 57.
exf6+ Kxf6 58. c6 Ke7 $19 59. Nf5+ Kd8 60. Kh2 Kc7 61. Nxh4 Be4 62. Kxh3 Bb1
63. Nf3 Kxc6 $19) 54... Kc6 55. Nc4 Kxc5 56. Nxa5 Bd5 $19 57. Kxh3 0-1

[Event "WchT 4th"]
[Site "Luzern"]
[Date "1997.10.31"]
[Round "7.1"]
[White "Rodriguez Cespedes, Amador"]
[Black "Short, Nigel D"]
[Result "1/2-1/2"]
[WhiteElo "2545"]
[BlackElo "2660"]
[Annotator "Gofshtein,L"]
[PlyCount "59"]
[EventDate "1997.10.25"]
[EventType "team-tourn"]
[EventRounds "9"]
[EventCountry "SUI"]
[SourceTitle "CBM 062"]
[Source "ChessBase"]
[SourceDate "1998.01.31"]
[SourceVersion "1"]
[SourceVersionDate "1998.01.31"]
[SourceQuality "1"]
[WhiteTeam "Cuba"]
[BlackTeam "England"]
[WhiteTeamCountry "CUB"]
[BlackTeamCountry "ENG"]

1. e4 c5 2. Nf3 Nc6 3. d4 cxd4 4. Nxd4 Nf6 5. Nc3 d6 6. Bg5 e6 7. Qd2 a6 8.
O-O-O Bd7 9. f3 Be7 10. h4 b5 (10... h5 $5) 11. Kb1 (11. g4 Ne5 (11... Rc8 12.
Be3 Ne5 13. h5 h6 14. Bd3 Nc4 15. Bxc4 Rxc4 16. Qg2 d5 17. g5 hxg5 18. Qxg5
Nxe4 19. Qxg7 Bf6 20. h6 Nxc3 21. bxc3 Bxg7 22. hxg7 Rg8 23. Rdg1 f6 24. Rh6
Kf7 25. Rhg6 Rxc3 26. Bd2 Rc4 27. Ne2 e5 28. R6g2 Qc8 29. c3 b4 30. f4 bxc3 31.
Be1 Qc5 32. fxe5 Qe3+ {0-1 Beranek,J-Klatil,K/Decin op 1997/EXT 97}) 12. Bxf6
gxf6 13. Qh6 Rc8 14. f4 Bf8 15. Qh5 b4 16. Nd5 exd5 17. fxe5 fxe5 18. Bxa6 exd4
19. exd5 Bg7 20. Rde1+ Kf8 21. Rhf1 Be8 22. Rxe8+ Qxe8 23. Bxc8 f6 24. Qf5 Qe5
25. Qd7 d3 26. Qd8+ Kf7 27. Qc7+ Kf8 28. Be6 Qe3+ 29. Kb1 dxc2+ 30. Qxc2 Qc5
31. Qe4 {1-0 Shirov,A-Ivanchuk,V/Monaco blind 1996/EXP 52/[Shirov]}) (11. Nxc6
Bxc6 12. Ne2 O-O 13. Nd4 Bb7 14. g4 Rc8 15. Kb1 Qc7 16. Be3 Nd7 17. g5 d5 18.
g6 Bf6 19. gxf7+ Kxf7 20. Bh3 Rfe8 21. exd5 Bxd5 $13 {Gdanski-Ermenkov,
Budapest 1993}) 11... Ne5 (11... Rc8 12. Nxc6 (12. g4 Ne5 13. Bd3 O-O 14. Be3
Nc4 15. Bxc4 Rxc4 16. Nce2 b4 17. Ng3 a5 18. g5 Ne8 19. f4 $40 {Oll-Tukmakov,
Moskow 1992}) 12... Bxc6 13. Bd3 h6 14. Be3 d5 15. e5 Nd7 16. Bd4 b4 17. Ne2
Bb5 18. f4 Bxd3 19. Qxd3 Qc7 20. g4 Qc4 {- Rodriguez,A-Zvjaginsev,V/Barbera op
1996/EXT 96op2}) 12. Bd3 O-O (12... h6 13. Be3 b4 14. Nce2 d5 15. Bf4 Nxd3 16.
cxd3 $16 {Lanka-Garsia Ilundain,Albasete 1995}) (12... h5 $5) 13. g4 $16 Rb8
$146 14. Be3 Qc7 (14... Nc4 $5 15. Bxc4 bxc4) 15. h5 (15. g5 Nh5) 15... Rfc8
16. g5 Ne8 17. Rdg1 (17. g6 hxg6 18. hxg6 Nxg6 19. Qh2 $40) 17... b4 18. Nce2
Nxd3 19. Qxd3 (19. cxd3 $5) 19... g6 (19... a5 20. g6 $36) 20. hxg6 hxg6 21.
Nf4 $1 {this move stops "e5" by black!} Bf8 22. Qd2 Bg7 23. Rh4 $1 Qc4 {
Black have a big trouble,he simply has no chances at all!where can you find
play for black here...} 24. Rgh1 Rc5 25. Rh7 $18 Kf8 26. Nb3 Rcb5 27. Nd4 $2 (
27. Qh2 $36 {It is not clear why white refuse to continue fight the fight} Be5
(27... Ke7 28. Rxg7 Nxg7 29. Qh7 Ne8 30. Nxg6+ Kd8 31. Qxf7) 28. Qh6+ Ke7 29.
Nxg6+ $18) 27... Ra5 28. Nb3 Rab5 29. Nd4 Ra5 30. Nb3 1/2-1/2